Central Library OPAC University of Rajshahi

General stochastic processes in the theory of queues / (Record no. 51542)

MARC details
000 -LEADER
fixed length control field 00748nam a2200241 a 4500
001 - CONTROL NUMBER
control field 51542
003 - CONTROL NUMBER IDENTIFIER
rucl marc code BD-RjUL
005 - DATE AND TIME OF LATEST TRANSACTION
control field 20211209075657.0
008 - FIXED-LENGTH DATA ELEMENTS--GENERAL INFORMATION
fixed length control field 160831s1963 enk||||| |||| 001 0 eng d
035 ## - SYSTEM CONTROL NUMBER
System control number (BD-RjUL)51662
040 ## - CATALOGING SOURCE
Original cataloging agency BD-RjUL
Language of cataloging eng
Transcribing agency BD-RjUL
Modifying agency BD-RjUL
041 ## - LANGUAGE CODE
Language code of text/sound track or separate title eng
082 ## - DEWEY DECIMAL CLASSIFICATION NUMBER
Edition number 23
Classification number 519.82
Author mark and year BEG 1963
100 10 - MAIN ENTRY--PERSONAL NAME
Personal name Beneš, V. E.
9 (RLIN) 154069
245 10 - TITLE STATEMENT
Title General stochastic processes in the theory of queues /
Statement of responsibility, etc. V. E. Beneš
260 ## - PUBLICATION, DISTRIBUTION, ETC. (IMPRINT)
Place of publication, distribution, etc. London :
Name of publisher, distributor, etc. Reading, Mass., Addison-Wesley Pub. Co.,
Date of publication, distribution, etc. c1963
300 ## - PHYSICAL DESCRIPTION
Pagination viii, 88 p. ;
Size 23 cm.
490 ## - SERIES STATEMENT
Series statement Addison-Wesley series in statistics.
500 ## - GENERAL NOTE
General note Include index
650 ## - SUBJECT ADDED ENTRY--TOPICAL TERM
Topical term or geographic name as entry element Queuing theory.
9 (RLIN) 154007
856 ## - ELECTRONIC LOCATION AND ACCESS
Materials specified Addison-Wesley series in statistics.
942 ## - ADDED ENTRY ELEMENTS (KOHA)
Source of classification or shelving scheme Dewey Decimal Classification
Koha item type Books
Holdings
Lost status Source of classification or shelving scheme Damaged status Not for loan Collection code Permanent Location Current Location Shelving location Date acquired Source of acquisition Cost, normal purchase price Total Checkouts Full call number Date last seen Copy number Koha item type
  Dewey Decimal Classification     Non-fiction Central Library, University of Rajshahi Central Library, University of Rajshahi   13/11/1964 Euro pac. 36.00   519.82 BEG 1963 31/08/2016 C-2 Books